Centros Comerciais de Manaus - AM - Statistics

Estatísticas Gerais
  • Esse quiz foi jogado 7 vezes
  • A pontuação média é 7 de 11
Estatísticas das Respostas
Hint Resposta % Correto
38.507 m² Amazonas Shopping
100%
47.145 m² Manauara Shopping
100%
22.869 m² Manaus Plaza Shopping
86%
36.040 m² Shopping Ponta Negra
86%
50.535 m² Sumaúma Park Shopping
86%
60.931 m² Shopping Manaus Via Norte
71%
21.000 m² Shopping Grande Circular
57%
35.000 m² Shopping Cidade Leste
43%
15.000 m² Studio 5
29%
14.000 m² Uai Shopping São José
29%
13.839 m² Millenium Shopping Mall
0%
Nenhum quiz correspondente encontrado
Distribuição das Pontuações
Porcentagem de Pessoas com Cada Pontuação
Percentil de Números Respondidos
Sua Pontuação Histórica
Você não jogou esse quiz